Thailand Trivia XL - Statistics

General Stats
  • This quiz has been taken 73 times
  • The average score is 25 of 45
Answer Stats
Hint Answer % Correct
Capital Bangkok
100%
Language Thai
98%
Currency Baht
93%
Bordering countries Myanmar | Laos | Cambodia | Malaysia
90%
Most common religion (95%) Buddhism
89%
Most planted crop Rice
89%
Former English name of Thailand Siam
85%
Holy animal Elephant
82%
Biggest island, known for partying Phuket
82%
Motorized, three-wheeled vehicle used as a taxi Tuk Tuk
75%
Natural disaster in 2004 Tsunami
74%
National sport #1 Muay Thai
69%
National dish Pad Thai
67%
What is a 'Wat' Temple
67%
Most immigrants come from this country China
66%
Crime to insult this person King
66%
This fruit is forbidden in almost all insided places Durian
62%
Grocery shop at every corner of the street Seven eleven
62%
Biggest river Mekong
61%
Season from June-October Rainy season
61%
Short name of the above in the native language Krung Thep
59%
To do a Wai greeting you put these body parts against eachother Palms
59%
Body of water to the West of Thailand Andaman Sea
57%
Thailand is the only country in Southeast Asia that wasn't ... Colonized
56%
Thailand's capital has the longest ... Official name
52%
3 famous temples in the capital Grand Palace | Wat Pho | Wat Arun
49%
Most served dessert Mango Sticky Rice
49%
Spicey sauce invented in Thailand Sriracha
49%
A famous all-night beach party held monthly Full Moon Party
48%
Body of water to the East of Thailand Gulf of Thailand
48%
Famous illegal sex shows Ping Pong
43%
Name of Hindu God given to most Kings in Thailand Rama
43%
Comedy movie about searching for a lost friend after a night of partying in Thailand Hangover 2
41%
Relaxing entertainment found at every corner of the street Massage
39%
Thailand #1 industry Tourism
39%
Don't point this at a holy statue Feet
36%
Famous TV show about people staying in a luxery resort in Thailand White Lotus
31%
There is a special police department & phone number for ... Tourists
28%
Second biggest city, in the North Chang Mai
26%
National cocktail Mai Thai
21%
Most thieves on the islands are ... Monkeys
20%
Thailand is the #1 exporter of this flower Orchid
18%
Meaning of the word 'Thai' in their language People
16%
As a western, always carry this along the way Toilet paper
15%
Most budy traffic lights have this attached Counting clock
8%
No matching quizzes found
Score Distribution
Percent of People with Each Score
Percentile by Number Answered
Your Score History
You have not taken this quiz